|
|
|
|
| LEADER |
01522nam a2200241 u 4500 |
| 001 |
10075229 |
| 003 |
upatras |
| 005 |
20210117201845.0 |
| 008 |
090520s2007 gr gre |
| 020 |
|
|
|a 9789600111606
|
| 040 |
|
|
|a GR-PaULI
|c GR-PaULI
|
| 041 |
0 |
|
|a gre
|
| 082 |
0 |
4 |
|a 370.1
|
| 110 |
|
0 |
|a Εθνικό και Καποδιστριακό Πανεπιστήμιο Αθηνών
|b Φιλοσοφική Σχολή
|b Τμήμα Φιλοσοφίας - Παιδαγωγικής - Ψυχολογίας
|b Τομέας Παιδαγωγικής
|4 aut
|9 75436
|
| 245 |
1 |
0 |
|a Σύγχρονα παιδαγωγικά και εκπαιδευτικά θέματα
|b χαριστήριος τόμος στον ομότιμο καθηγητή Ιωάννη Σ. Μαρκαντώνη
|c Εθνικό και Καποδιστριακό Πανεπιστήμιο Αθηνών. Φιλοσοφική Σχολή. Τμήμα Φιλοσοφίας - Παιδαγωγικής - Ψυχολογίας. Τομέας Παιδαγωγικής
|
| 260 |
|
|
|a Αθήνα
|b Gutenberg
|c 2007
|
| 300 |
|
|
|a xxiii, 630 σ.
|b πίν.
|c 24 εκ.
|
| 650 |
|
4 |
|a Εκπαίδευση
|x Φιλοσοφία
|9 329
|
| 852 |
|
|
|a GR-PaULI
|b ΠΑΤΡΑ
|b ΒΚΠ
|b ΒΣ1
|k ΑΣΧΕ
|h 370.1 ΕΘΝ
|m 097051
|p 025000167280
|t 1
|
| 942 |
|
|
|2 ddc
|c BK15
|
| 952 |
|
|
|0 0
|1 0
|4 0
|6 370_100000000000000_ΕΘΝ
|7 0
|9 76361
|a LISP
|b LISP
|c BSC
|d 2016-04-24
|i 097051
|l 2
|m 1
|o 370.1 ΕΘΝ
|p 025000167280
|r 2017-06-09 00:00:00
|s 2017-05-10
|t 1
|w 2016-04-24
|y BK15
|
| 998 |
|
|
|c ΒΑΣΙΛΕΙΟΥ
|d 0095-05
|
| 999 |
|
|
|c 51096
|d 51096
|